Perfil de la actividades y del comercio bananero - 1994 /
Сохранить в:
| Корпоративные авторы: | , |
|---|---|
| Формат: | |
| Язык: | Spanish |
| Опубликовано: |
San José, Costa Rica:
IICA,
1995
|
| Метки: |
Добавить метку
Нет меток, Требуется 1-ая метка записи!
|
MARC
| LEADER | 00000nam a22000007a 4500 | ||
|---|---|---|---|
| 003 | cru CIDCACS/IIS | ||
| 005 | 20240712093220.0 | ||
| 008 | 240712b1995 cr ||||| |||| 00| 0 spa d | ||
| 020 | |a 0534-5391 | ||
| 040 | |a cru CIDCACS/IIS |b spa |c cru CIDCACS/IIS | ||
| 090 | |a 07.07.05 I59p | ||
| 110 | 2 | |a Instituto Interamericano de Cooperación para la Agricultura (Costa Rica) |9 117 | |
| 245 | 1 | |a Perfil de la actividades y del comercio bananero - 1994 / |c Instituto Interamericano de Cooperación para la Agricultura y Centro para la Integración y el Desarrollo Agroempresarial |h [impreso] | |
| 260 | |a San José, Costa Rica: |b IICA, |c 1995 | ||
| 300 | |a 155 páginas | ||
| 650 | 0 | 7 | |0 TESAUROS |2 TESAUROS |
| 710 | 1 | |a Centro para la Integración y el Desarrollo Agroempresarial |9 12273 | |
| 942 | |2 z |c LI |h <script>document.querySelector('[id^="tag_090_subfield_a"]').value</script> |i 16428 |k 07.07.05 |m I59p |6 SCRIPTDOCUMENTQUERYSELECTORIDTAG_090_SUBFIELD_AVALUESCRIPT_16428 | ||
| 999 | |c 45915 |d 45915 | ||
